| 000 | 00976nam a22003017a 4500 | ||
|---|---|---|---|
| 003 | CHAP | ||
| 005 | 20220329141437.0 | ||
| 008 | 971013s1982 r 00010 d | ||
| 010 | _a68211 | ||
| 011 | _a69183 | ||
| 035 | _a78658 | ||
| 040 | _cCHAP | ||
| 090 | _aTesis | ||
| 100 | 0 | 0 |
_aHentze Penados, Franz Werner. _953650 |
| 245 | _aEstudio peliminar sobre virosis del cardamomo (Elettaria cardamomum) | ||
| 260 |
_aGuatemala : _bEl autor, _c1982 |
||
| 300 | _a28 h. | ||
| 500 | _a27-94 | ||
| 502 | _aTesis (Ing. Agrónomo Lic. en Ciencias Agrícolas). -- Universidad de San Carlos de Guatemala. Fac. de Agronomía | ||
| 590 |
_aALEPH _b10 _c20130110 _lUCH01 _h1404 |
||
| 590 |
_aBATCH-UPD _b10 _c20130110 _lUCH01 _h0257 |
||
| 590 |
_aCONVERSION _b10 _c20130109 _lUCH01 _h1337 |
||
| 650 | 1 | 4 |
_aCardamono _xEnfermedades. _918871 |
| 650 | 1 | 4 |
_aVirus del mosaico del cardamomo. _9119958 |
| 901 | _aBK | ||
| 942 | _cTESIS | ||
| 949 |
_bBC _cTES _d-31532 _eTS1 _h20550 _i78658 _si |
||
| 999 |
_c68211 _d68211 |
||